Comuni della Provincia di Salerno - Statistics

Statistiche generali
  • Questo quiz è stato fatto 247 volte
  • Il punteggio medio è 51 su 158
Statistiche sulle risposte
Comune % Corretto
Salerno
87%
Battipaglia
83%
Amalfi
81%
Nocera Inferiore
78%
Eboli
77%
Angri
76%
Nocera Superiore
76%
Cava de' Tirreni
75%
Vietri sul Mare
72%
Positano
71%
Agropoli
69%
Sapri
69%
Sarno
69%
Scafati
69%
Maiori
65%
Baronissi
64%
Minori
64%
Pontecagnano Faiano
64%
Fisciano
63%
Pagani
63%
Ascea
58%
Cetara
58%
Capaccio Paestum
57%
Castellabate
57%
Giffoni Valle Piana
57%
Mercato San Severino
57%
Bellizzi
54%
Atrani
53%
Camerota
52%
Giffoni Sei Casali
52%
San Mango Piemonte
52%
Vallo della Lucania
52%
Ravello
50%
Pisciotta
49%
Campagna
48%
Polla
48%
Sala Consilina
48%
Castel San Giorgio
47%
Buccino
46%
Altavilla Silentina
45%
Auletta
44%
Roccapiemonte
44%
Montecorvino Rovella
43%
Praiano
43%
Acerno
41%
Atena Lucana
41%
Furore
41%
Montecorvino Pugliano
41%
Padula
41%
Casal Velino
40%
Contursi Terme
40%
Pellezzano
39%
Centola
38%
Oliveto Citra
38%
San Gregorio Magno
38%
Pollica
36%
Salento
36%
Sicignano degli Alburni
35%
Laurino
34%
Postiglione
34%
San Valentino Torio
34%
Stella Cilento
34%
Bracigliano
33%
Conca dei Marini
33%
Tramonti
31%
Albanella
29%
Olevano sul Tusciano
29%
Perdifumo
29%
San Marzano sul Sarno
29%
Laurito
28%
Montecorice
28%
Pertosa
28%
San Cipriano Picentino
28%
Serre
28%
Tortorella
28%
Trentinara
28%
Calvanico
27%
Rofrano
27%
San Giovanni a Piro
27%
Sanza
27%
Ogliastro Cilento
26%
Sassano
26%
Siano
26%
Vibonati
26%
Bellosguardo
25%
Casalbuono
25%
Petina
25%
San Mauro Cilento
25%
Castelcivita
24%
Gioi
24%
Omignano
24%
Roccagloriosa
24%
Santa Marina
24%
Sant'Arsenio
24%
Torchiara
24%
Felitto
23%
Torre Orsaia
23%
Aquara
22%
Casaletto Spartano
22%
Castiglione del Genovesi
22%
Roccadaspide
22%
San Rufo
22%
Scala
22%
Valva
22%
Alfano
21%
Caggiano
20%
Campora
20%
Ispani
20%
Ottati
20%
Palomonte
20%
Perito
20%
Piaggine
20%
Prignano Cilento
20%
Laviano
19%
Buonabitacolo
18%
Castel San Lorenzo
18%
Teggiano
18%
Corbara
17%
Monteforte Cilento
17%
Orria
17%
Sant'Egidio del Monte Albino
17%
Caselle in Pittari
16%
Moio della Civitella
16%
San Pietro al Tanagro
16%
Sant'Angelo a Fasanella
16%
Torraca
16%
Giungano
15%
Novi Velia
15%
Sessa Cilento
15%
Stio
15%
Valle dell'Angelo
15%
Futani
13%
Laureana Cilento
13%
Ricigliano
13%
Roscigno
13%
Sacco
13%
Colliano
12%
Montesano sulla Marcellana
12%
San Mauro La Bruca
12%
Morigerati
11%
Romagnano al Monte
11%
Serramezzana
11%
Castelnuovo Cilento
10%
Castelnuovo di Conza
10%
Cannalonga
8%
Celle di Bulgheria
8%
Cicerale
8%
Corleto Monforte
8%
Monte San Giacomo
8%
Rutino
8%
Salvitelle
8%
Santomenna
8%
Cuccaro Vetere
7%
Montano Antilia
7%
Ceraso
6%
Magliano Vetere
6%
Controne
3%
Lustra
3%
Nessun quiz corrispondente trovato
Distribuzione punteggi
Percentuale di utenti per punteggio
Percentile per numero di risposta
I tuoi punteggi nel tempo
Non hai fatto questo quiz